| 000 | 00702nam a2200205 a 4500 | ||
|---|---|---|---|
| 001 | BRCA_4883 | ||
| 005 | 20190320204838.0 | ||
| 008 | 770322m19761980sp-######b---#000-0#spa-# | ||
| 020 | _a8472321207 | ||
| 050 | 4 |
_aPQ6361 _b.R85 1976 |
|
| 100 | 1 |
_aRuiz-Fornells, Enrique _912373 |
|
| 245 | 1 | 0 |
_aLas concordancias de el ingenioso hidalgo Don Quijote de la Mancha _cEnrique Ruiz-Fornells. |
| 260 |
_aMadrid _bCultura Hispánica _c1976-1980 |
||
| 300 |
_a2 v. _c34 cm. |
||
| 505 | 0 | _aContenido: v.1. A. -- v.2. B-CH | |
| 600 | 1 | 4 |
_aCervantes Saavedra, Miguel de _d1547-1616 _xConcordancias _912374 |
| 600 | 1 | 4 |
_aCervantes Saavedra, Miguel de _d1547-1616 _tDon Quixote _912111 |
| 902 | _aCERV | ||
| 942 |
_2lcc _cB |
||
| 999 |
_c4577 _d4577 |
||